<?xml version="1.0" encoding="UTF-8"?>
<collection xmlns="http://www.loc.gov/MARC21/slim">
 <record>
  <leader>02415cam a2200541 c 4500</leader>
  <controlfield tag="001">1612884733</controlfield>
  <controlfield tag="003">DE-627</controlfield>
  <controlfield tag="005">20251225194927.0</controlfield>
  <controlfield tag="007">tu</controlfield>
  <controlfield tag="008">970219s1994    xx |||||      00| ||eng c</controlfield>
  <datafield tag="020" ind1=" " ind2=" ">
   <subfield code="a">9990996539</subfield>
  </datafield>
  <datafield tag="035" ind1=" " ind2=" ">
   <subfield code="a">(DE-627)1612884733</subfield>
  </datafield>
  <datafield tag="035" ind1=" " ind2=" ">
   <subfield code="a">(DE-576)057342725</subfield>
  </datafield>
  <datafield tag="035" ind1=" " ind2=" ">
   <subfield code="a">(DE-599)BSZ057342725</subfield>
  </datafield>
  <datafield tag="035" ind1=" " ind2=" ">
   <subfield code="a">(OCoLC)222079352</subfield>
  </datafield>
  <datafield tag="040" ind1=" " ind2=" ">
   <subfield code="a">DE-627</subfield>
   <subfield code="b">ger</subfield>
   <subfield code="c">DE-627</subfield>
   <subfield code="e">rakwb</subfield>
  </datafield>
  <datafield tag="041" ind1=" " ind2=" ">
   <subfield code="a">eng</subfield>
  </datafield>
  <datafield tag="082" ind1="0" ind2=" ">
   <subfield code="a">728.81</subfield>
  </datafield>
  <datafield tag="084" ind1=" " ind2=" ">
   <subfield code="a">9,10</subfield>
   <subfield code="2">ssgn</subfield>
  </datafield>
  <datafield tag="084" ind1=" " ind2=" ">
   <subfield code="a">ZH 6040</subfield>
   <subfield code="2">rvk</subfield>
   <subfield code="0">(DE-625)rvk/156188:</subfield>
  </datafield>
  <datafield tag="245" ind1="0" ind2="0">
   <subfield code="a">Fortresses of the cross</subfield>
   <subfield code="b">Hospitaller military architecture (1136 - 1798)</subfield>
   <subfield code="c">by Stephen C. Spiteri</subfield>
  </datafield>
  <datafield tag="250" ind1=" " ind2=" ">
   <subfield code="a">1. publ.</subfield>
  </datafield>
  <datafield tag="264" ind1=" " ind2="1">
   <subfield code="a">Valletta</subfield>
   <subfield code="b">Heritage Interpretation Services</subfield>
   <subfield code="c">1994</subfield>
  </datafield>
  <datafield tag="300" ind1=" " ind2=" ">
   <subfield code="a">674 S.</subfield>
   <subfield code="b">überwiegend Ill., graph. Darst., Kt.</subfield>
  </datafield>
  <datafield tag="336" ind1=" " ind2=" ">
   <subfield code="a">Text</subfield>
   <subfield code="b">txt</subfield>
   <subfield code="2">rdacontent</subfield>
  </datafield>
  <datafield tag="337" ind1=" " ind2=" ">
   <subfield code="a">ohne Hilfsmittel zu benutzen</subfield>
   <subfield code="b">n</subfield>
   <subfield code="2">rdamedia</subfield>
  </datafield>
  <datafield tag="338" ind1=" " ind2=" ">
   <subfield code="a">Band</subfield>
   <subfield code="b">nc</subfield>
   <subfield code="2">rdacarrier</subfield>
  </datafield>
  <datafield tag="490" ind1="0" ind2=" ">
   <subfield code="a">A Heritage Interpretation Services publication</subfield>
  </datafield>
  <datafield tag="500" ind1=" " ind2=" ">
   <subfield code="a">1000 numerierte u. signierte Exemplare</subfield>
  </datafield>
  <datafield tag="583" ind1="1" ind2=" ">
   <subfield code="a">Archivierung prüfen</subfield>
   <subfield code="c">20200919</subfield>
   <subfield code="f">DE-640</subfield>
   <subfield code="z">1</subfield>
   <subfield code="2">pdager</subfield>
  </datafield>
  <datafield tag="583" ind1="1" ind2=" ">
   <subfield code="a">Archivierung/Langzeitarchivierung gewährleistet</subfield>
   <subfield code="f">SSG</subfield>
   <subfield code="x">XA-DE-BW</subfield>
   <subfield code="2">pdager</subfield>
   <subfield code="5">DE-16</subfield>
  </datafield>
  <datafield tag="610" ind1="2" ind2="7">
   <subfield code="0">(DE-588)43583-1</subfield>
   <subfield code="0">(DE-627)100999778</subfield>
   <subfield code="0">(DE-576)190390220</subfield>
   <subfield code="a">Johanniter</subfield>
   <subfield code="2">gnd</subfield>
  </datafield>
  <datafield tag="650" ind1="0" ind2="7">
   <subfield code="0">(DE-588)4069225-5</subfield>
   <subfield code="0">(DE-627)10413142X</subfield>
   <subfield code="0">(DE-576)209175974</subfield>
   <subfield code="a">Befestigung</subfield>
   <subfield code="2">gnd</subfield>
  </datafield>
  <datafield tag="650" ind1="0" ind2="7">
   <subfield code="0">(DE-588)4016934-0</subfield>
   <subfield code="0">(DE-627)104152338</subfield>
   <subfield code="0">(DE-576)208917810</subfield>
   <subfield code="a">Festung</subfield>
   <subfield code="2">gnd</subfield>
  </datafield>
  <datafield tag="689" ind1="0" ind2="0">
   <subfield code="d">b</subfield>
   <subfield code="0">(DE-588)4168735-8</subfield>
   <subfield code="0">(DE-627)104247738</subfield>
   <subfield code="0">(DE-576)209917830</subfield>
   <subfield code="a">Malteser</subfield>
   <subfield code="2">gnd</subfield>
  </datafield>
  <datafield tag="689" ind1="0" ind2="1">
   <subfield code="d">s</subfield>
   <subfield code="0">(DE-588)4069225-5</subfield>
   <subfield code="0">(DE-627)10413142X</subfield>
   <subfield code="0">(DE-576)209175974</subfield>
   <subfield code="a">Befestigung</subfield>
   <subfield code="2">gnd</subfield>
  </datafield>
  <datafield tag="689" ind1="0" ind2="2">
   <subfield code="a">z</subfield>
   <subfield code="2">gnd</subfield>
   <subfield code="a">Geschichte 1136-1798</subfield>
  </datafield>
  <datafield tag="689" ind1="0" ind2=" ">
   <subfield code="5">(DE-627)</subfield>
  </datafield>
  <datafield tag="700" ind1="1" ind2=" ">
   <subfield code="a">Spiteri, Stephen C.</subfield>
   <subfield code="d">1963-</subfield>
   <subfield code="0">(DE-588)174092598</subfield>
   <subfield code="0">(DE-627)698986857</subfield>
   <subfield code="0">(DE-576)13492617X</subfield>
   <subfield code="4">oth</subfield>
  </datafield>
  <datafield tag="787" ind1="0" ind2="8">
   <subfield code="i">Rezensiert in</subfield>
   <subfield code="a">Losse, Michael, 1960 - 2023</subfield>
   <subfield code="t">[Rezension von: Stephen C. Spiteri, Fortresses of the cross, hospitaller military architecture (1136-1798)]</subfield>
   <subfield code="d">Braubach : Europäisches Burgeninstitut, 1996</subfield>
   <subfield code="w">(DE-627)1914393023</subfield>
  </datafield>
  <datafield tag="935" ind1=" " ind2=" ">
   <subfield code="a">BGTS</subfield>
  </datafield>
  <datafield tag="936" ind1="r" ind2="v">
   <subfield code="a">ZH 6040</subfield>
   <subfield code="b">Wehrbauten, Zeughaus</subfield>
   <subfield code="k">Technik</subfield>
   <subfield code="k">Architektur</subfield>
   <subfield code="k">Öffentliche Gebäude</subfield>
   <subfield code="k">Wehrbauten, Zeughaus</subfield>
   <subfield code="0">(DE-627)1271986892</subfield>
   <subfield code="0">(DE-625)rvk/156188:</subfield>
   <subfield code="0">(DE-576)201986892</subfield>
  </datafield>
  <datafield tag="951" ind1=" " ind2=" ">
   <subfield code="a">BO</subfield>
  </datafield>
  <datafield tag="990" ind1=" " ind2=" ">
   <subfield code="a">Malteser</subfield>
  </datafield>
  <datafield tag="990" ind1=" " ind2=" ">
   <subfield code="a">Befestigung</subfield>
  </datafield>
  <datafield tag="990" ind1=" " ind2=" ">
   <subfield code="a">Geschichte 1136-1798</subfield>
  </datafield>
  <datafield tag="991" ind1=" " ind2=" ">
   <subfield code="a">Rezensiertes Werk</subfield>
  </datafield>
  <datafield tag="999" ind1=" " ind2=" ">
   <subfield code="a">KXP-PPN1612884733</subfield>
   <subfield code="e">491600289X</subfield>
  </datafield>
 </record>
</collection>
